| 000 | 00849nam0a22002411 4500 | ||
|---|---|---|---|
| 001 | rc\476758 | ||
| 005 | 20250621100912.0 | ||
| 035 | _a(NLR Aleph) 005719973 | ||
| 090 |
_a7468538 _c7468538 |
||
| 100 | _a20030616d1987 |||y0rusy50 ca | ||
| 101 | 0 | _arus | |
| 102 | _aRU | ||
| 105 | _aa ||||||||| | ||
| 200 | 1 |
_aКолебания и волны в гидроупругих и грунтовых средах _fОтв. ред. Х.А. Рахматулин _gТашк. гос. ун-т им. В.И. Ленина |
|
| 210 |
_aТашкент _cФан _d1987 |
||
| 215 |
_a101, [2] с. _cил. _d22 |
||
| 320 | _aБиблиогр.: с. 99-102 (100 назв.) | ||
| 700 | 1 |
_aМаматкулов _bШ.М. _gШавкат Маматкулович |
|
| 801 | 0 |
_aRU _bNLR _gpsbo |
|
| 801 | 1 |
_aRU _bELAR _2rusmarc |
|
| 852 |
_aNLR _j87-5/3170 |
||
| 942 | _cBOOK | ||
| 980 | _aNB | ||